| 000 | 00650nam a22001937a 4500 | ||
|---|---|---|---|
| 003 | OSt | ||
| 005 | 20251125150254.0 | ||
| 008 | 251125b |||||||| |||| 00| 0 eng d | ||
| 020 | _a978-0-471-74722-2. | ||
| 040 |
_aDWCL-Main lib _cOC |
||
| 082 |
_22nd ed. _aGR. 647.94068 M645r 2008 |
||
| 100 | _aMill, Robert Christie | ||
| 245 |
_aResorts : _bmanagement and operation 2nd ed. _cMill, Robert Christie |
||
| 260 |
_aN. J. : _bJohn Wiley & Sons, Inc. _cc2008. |
||
| 300 |
_axvii, 478 pages : _billustration ; _c24 cm. |
||
| 504 | _aIncludes bibliographical references and index. | ||
| 650 | _21. Resorts-Management. | ||
| 942 |
_2ddc _cGR _e2nd ed. _kGR. _n0 |
||
| 999 |
_c6305 _d6305 |
||